UM Logo

The law on obligations and contracts/ (Record no. 2587)

MARC details
000 -LEADER
fixed length control field 00500nam a2200169 4500
008 - FIXED-LENGTH DATA ELEMENTS--GENERAL INFORMATION
fixed length control field 160518b xxu||||| |||| 00| 0 eng d
020 ## - INTERNATIONAL STANDARD BOOK NUMBER
International Standard Book Number 971233791X
082 ## - DEWEY DECIMAL CLASSIFICATION NUMBER
Edition number 2003
Classification number DFil 346.02
Item number D37l
100 ## - MAIN ENTRY--PERSONAL NAME
9 (RLIN) 8540
Personal name De Leon, Hector S.
245 ## - TITLE STATEMENT
Title The law on obligations and contracts/
Statement of responsibility, etc. Hector S. De Leon.
250 ## - EDITION STATEMENT
Edition statement 2003 Edition
260 ## - PUBLICATION, DISTRIBUTION, ETC. (IMPRINT)
Place of publication, distribution, etc. Quezon City:
Name of publisher, distributor, etc. Rex Books Store,
Date of publication, distribution, etc. c2003.
300 ## - PHYSICAL DESCRIPTION
Extent xxiii, 457 pages;
Dimensions 22 cm.
650 #0 - SUBJECT ADDED ENTRY--TOPICAL TERM
9 (RLIN) 8541
Topical term or geographic name as entry element Contracts
365 ## - TRADE PRICE
Price amount 312.00
Currency code Php
942 ## - ADDED ENTRY ELEMENTS (KOHA)
Source of classification or shelving scheme Dewey Decimal Classification
Koha item type Filipiniana
Holdings
Withdrawn status Lost status Source of classification or shelving scheme Damaged status Not for loan Collection code Home library Current library Shelving location Date acquired Source of acquisition Total Checkouts Full call number Barcode Date last seen Date last checked out Price effective from Koha item type
    Dewey Decimal Classification     Filipiniana UM Digos College - LIC UM Digos College - LIC Book Cart 05/18/2006 Purchased 42 DFil 346.02 D37l 2003 18567 05/15/2025 01/06/2020 05/18/2016 Filipiniana